000 00458nam a2200181Ia 4500
001 22860
005 20260414150859.0
008 260414t2014||||xx |||||||||||||| ||spa||
041 _aESP
082 _a624.15136
_bD71
100 _aDíaz-Rodríguez, Jorge Abraham
_eAUT
245 0 _aMecánica de suelos :
_bnaturaleza y propiedades
260 _c2014
300 _a264 páginas :
_c24 cm.
650 _a0
654 _aCIC
942 _cLIB
_dJUS
_fJUS
_2ddc
_n
999 _c22860
_d22860